00856na a2200253 450000100060000000300080000600500170001400800410003102000180007204000250009004100080011508200240012310000180014724501160016524600550028126000260033630000190036244000350038150000600041650400150047665000360049165100570052770000180058416948MIRAKIL20181213154847.0161018b tu 000 0  a9786054657032 aMilasbturcTR-AnCHP atur a320.5315bB36s 2012 aBerman, Sheri aSosyal demokrasi dönemibiki dünya savaşı arasındaki dönemde avrupacSheri Berman; çev Özden Ordu aiki dünya savaşı arasındaki dönemde avrupa aAnkarabPhoenixc2012 a424 s.c20 sm. aSosyal Demokrasi Kitaplığı aYapıtın özgün adı : The Social Democratic Moment aDizin var. aSosyal demokrasixSiyasal Tarih aAvrupaxİkinci Dünya SavaşıySosyal demokrasi aOrdu, Özden